000
00227 a2200097 4500
001
23482
100
_a
Shera JH
245
_a
Documentation and the organization of knowledge
260
_a
_b
crosly
_c
1966
090
_c
15872
_d
15872
942
_a
NUST-CAE
_c
M
_c
6527
999
_c
258555
_d
258555